Index krvácení z papily (PBI). : Motivační prostředek k ústní hygieně.
Uložené v:
| Médium: | Kniha |
|---|---|
| Jazyk: | Czech German |
| Vydané: |
Praha :
Česko-slovensko-švýcarská zdarvotnická společnost-Česká a Slovenská stomatologická komora,
1995
|
| Vydanie: | 1. vyd. |
| Témy: | |
| ISBN: |
809670415X (brož.) |
| Fyzický popis: |
12 s. |
| Tagy: |
Pridať tag
Žiadne tagy, Buďte prvý kto otaguje tento záznam!
|
Titul je dostupný aj v ... 

MARC
| LEADER | 00000nam a2200000 a 4500 | ||
|---|---|---|---|
| 001 | 000059708 | ||
| 003 | SVKK | ||
| 005 | 19990622000000.0 | ||
| 008 | 960212s1995 cs e czeo | ||
| 020 | |a 809670415X (brož.) | ||
| 040 | |a SVKKK |b slo |c SVKKK |e AACR2 | ||
| 041 | 1 | |a cze |h ger | |
| 044 | |a cs |c CS | ||
| 080 | |a 616.311.2 |2 1997 | ||
| 080 | |a 616.311.2-083 |2 1997 | ||
| 245 | 0 | 0 | |a Index krvácení z papily (PBI). : |b Motivační prostředek k ústní hygieně. |
| 250 | |a 1. vyd. | ||
| 260 | |a Praha : |b Česko-slovensko-švýcarská zdarvotnická společnost-Česká a Slovenská stomatologická komora, |c 1995 | ||
| 300 | |a 12 s. | ||
| 653 | 0 | |a ďasná |2 SVKKKPH | |
| 653 | 0 | |a zápaly |2 SVKKKPH | |
| 653 | 0 | |a hygiena ďasien |2 SVKKKPH | |
| 655 | 7 | |a monografie |2 SVKKKPH | |
| 910 | |a svkkk | ||
| 919 | |a 80-967041-5-X | ||
| 974 | |a MI |d 19960318 | ||
| 974 | |a PA |d 19960305 | ||
| 974 | |a PA |d 19990622 | ||
| 998 | |a BK | ||
| 090 | |g SCKHL |k Sklad Pribinova prízemie |a IV.170724 |j 891843 |i 59708-10 |s Absenčne | ||